Statistiques concernant Culture Générale - Série 1297

Cliquez ici pour prendre le quiz!

Statistiques générales

  • Ce quiz a été pris 45 fois
    (36 depuis la dernière actualisation)
  • Le résultat moyen est 5 sur 10

Statistiques - réponses

QuestionRéponse% Correct
Dans quel sport Marion Bartoli s'est-elle distinguée ?tennis
94%
Quelle mer borde à la fois l'Arabie saoudite, Israël et l'Égypte ?mer Rouge
88%
Combien de fuseaux horaires traversent le Canada ?six
82%
De quelle ville européenne le plan d'urbanisme de Washington s'est-il inspiré ?Paris
64%
Dans quel club, le footballeur Karim Benzema a-t-il fait ses débuts avant d'être recruté par le Real Madrid ?Lyon
58%
A quelle ville française appartient la gare de Matabiau ?Toulouse
52%
Quelle fut la première ville européenne à avoir accueilli les Jeux olympiques d'hiver en 1924 ?Chamonix
33%
Dans quel sport peut-on exécuter un floater, un cutback et un duck-dive ?surf
21%
De quelle ville française est parti le Tour de France 2013 ?Porto-Vecchio
0%
Où Jacques Brel redoute-t-il de devenir « chanteur pour femmes finissantes » ?Knot-le-Zout
0%

Distribution des résultats

Percentile par nombre de réponses

% des personnes avec chaque résultat

Votre développement - résultats

Vous n’avez pas pris ce quiz depuis la dernière actualisation